000 00779nam a2200193 4500
003 LK-CoMWRAF
005 20240315140312.0
008 230924b2001 |||||||| |||| 00| 0 eng d
022 _a9517243480
040 _aLK-CoMWRAF
_dLK-CoMWRAF
_eLK-CoMWRAF
041 _aeng
082 _a321.8
_bTHI
245 _aThinking strategically about democracy assistance:
_bA handbook on democracy, human rights and good governance assistance in Finnish development co-operation
260 _aHelsinki:
_bMinistry for foreign affairs,
_c2001
300 _a90 p.
_bBibliography included
650 _aDEMOCRACY ASSISTANCE
856 _uhttps://um.fi/documents/35732/48132/thinking_strategically_about_democracy_assistance.pdf/b01de4a1-8f5a-ba23-d442-b7716bb3df36?t=1560452041776
942 _cBK
999 _c3640
_d3640